000 00432nam a2200181Ia 4500
008 230524s9999 xx 000 0 und d
020 _a9788120333574
082 _a4.16
_bMIS
100 _aPaul Deitel
245 0 _aJava How to Program(with CD)
250 _a3RD
260 _aNEW DELHI
_bPHI
_c2010
300 _aXXXVIII;422
500 _aQuantity Number: 5
650 _aComp-Sc
700 _a Harvey Deitel
942 _cBK
999 _c47445
_d47445